|
003 -Nazwa inst., której nr kontr. jest w polu 001 [,]
|
-
- @
- Nazwa instytucji, której n kontrolny jest w polu 001
- NUKAT
|
|
005 -DATA I CZAS OSTATNIEJ MODYFIKACJI [,]
|
-
- @
- pole kontrolne
- 20241231110828.0
|
|
020 -Międzynarod. znormalizowany nr książki - ISBN [ , ]
|
-
- a
- Numer ISBN
- 9788381606882
|
|
040 -Instytucja sporządzająca opis [ , ]
|
-
- a
- Instytucja, która sporządziła opis (NP)
- OLSZT 003/JG
-
- b
- Język katalogowania
- pol
-
- e
- Zasady katalogowania
- rda
-
- c
- Instytucja, która sporządziła rekord (NP)
- OLSZT 003/JGs
-
- d
- Instytucja, która zmodyfikowała rekord (P)
- OLSZT 003/DS
-
- d
- Instytucja, która zmodyfikowała rekord (P)
- GD U/Doros
-
- d
- Instytucja, która zmodyfikowała rekord (P)
- WR U/JH
-
- d
- Instytucja, która zmodyfikowała rekord (P)
- WR U/JHs
-
- d
- Instytucja, która zmodyfikowała rekord (P)
- WA 14/MBs
-
- d
- Instytucja, która zmodyfikowała rekord (P)
- BSTOK U/EWs
|
|
942 -Rodzaj dokumentu [ , ]
|
-
- c
- Rodzaj dokumentu
- Książka
|
|
300 -Strefa opisu fizycznego [ , ]
|
-
- a
- Określenie formy książki i/lub objętość (NP)
- 616 stron ;
-
|
|
336 -Typ zawartości [ , ]
|
-
- a
- Termin opisujący typ zawartości
- Tekst
-
- b
- Kod określający zawartość
- txt
-
- 2
- Źródło (terminu i kodu)
- rdacontent
|
|
337 -Typ mediów [ , ]
|
-
- a
- Tryb odtwarzania
- Bez urządzenia pośredniczącego
-
-
- 2
- Źródło (terminu i kodu)
- rdamedia
|
|
338 -Typ/rodzaj nośnika [ , ]
|
-
- a
- Hasło opisujące typ nośnika
- Wolumin
-
-
- 2
- Źródło (terminu i kodu)
- rdacarrier
|
|
380 -Deskryptor - Forma dzieła (P) [ , ]
|
-
- a
- forma dzieła (NP)
- Książki
|
|
380 -Deskryptor - Forma dzieła (P) [ , ]
|
-
- a
- forma dzieła (NP)
- Publikacje fachowe
|
|
380 -Deskryptor - Forma dzieła (P) [ , ]
|
-
- a
- forma dzieła (NP)
- Publikacje naukowe
|
|
388 -Deskryptor - czas powstania dzieła (P) [1, ]
|
-
- a
- Czas powstania dzieła (NP)
- 2001-
|
|
610 -Hasło przedmiotowe w formie nazwy ciała zbiorowego [2,7]
|
-
- a
- Nazwa ciała zbiorowego lub nazwa geograficzna
- Sąd Najwyższy (Polska)
-
-
|
|
610 -Hasło przedmiotowe w formie nazwy ciała zbiorowego [2,7]
|
-
- a
- Nazwa ciała zbiorowego lub nazwa geograficzna
- Trybunał Konstytucyjny (Polska)
-
-
|
|
610 -Hasło przedmiotowe w formie nazwy ciała zbiorowego [1,7]
|
-
- a
- Nazwa ciała zbiorowego lub nazwa geograficzna
- Polska.
-
- b
- Nazwa jednostki podrzędnej
- Krajowa Rada Sądownictwa.
-
-
|
|
610 -Hasło przedmiotowe w formie nazwy ciała zbiorowego [1,7]
|
-
- a
- Nazwa ciała zbiorowego lub nazwa geograficzna
- Polska.
-
- b
- Nazwa jednostki podrzędnej
- Sąd Najwyższy.
-
-
|
|
610 -Hasło przedmiotowe w formie nazwy ciała zbiorowego [1,7]
|
-
- a
- Nazwa ciała zbiorowego lub nazwa geograficzna
- Polska.
-
- b
- Nazwa jednostki podrzędnej
- Trybunał Konstytucyjny.
-
-
|
|
630 -Hasło przedmiotowe w formie tytułu ujednoliconego [0,7]
|
-
- a
- Tytuł ujednolicony
- Konstytucja Polski (1997)
-
-
|
|
650 -Hasło przedmiotowe [ ,7]
|
-
- a
- Hasło przedmiotowe
- Prawo konstytucyjne
-
- z
- Określnik geograficzny
- Polska
-
- y
- Określnik chronologiczny
- 1990-.
-
-
|
|
650 -Hasło przedmiotowe [ ,7]
|
-
- a
- Hasło przedmiotowe
- Prymat prawa.
-
-
|
|
650 -Hasło przedmiotowe [ ,7]
|
-
- a
- Hasło przedmiotowe
- Władza sądownicza.
-
-
|
|
650 -Hasło przedmiotowe [ ,7]
|
-
- a
- Hasło przedmiotowe
- Prymat prawa
-
- z
- Określnik geograficzny
- Polska
-
- y
- Określnik chronologiczny
- 1990-.
-
-
|
|
650 -Hasło przedmiotowe [ ,7]
|
-
- a
- Hasło przedmiotowe
- Władza sądownicza
-
- z
- Określnik geograficzny
- Polska
-
- y
- Określnik chronologiczny
- 1990-.
-
-
|
|
650 -Hasło przedmiotowe [ ,7]
|
-
- a
- Hasło przedmiotowe
- Postępowanie dyscyplinarne
-
|
|
650 -Hasło przedmiotowe [ ,7]
|
-
- a
- Hasło przedmiotowe
- Prawo konstytucyjne
-
-
|
|
650 -Hasło przedmiotowe [ ,7]
|
-
- a
- Hasło przedmiotowe
- Prawo Unii Europejskiej
-
-
|
|
650 -Hasło przedmiotowe [ ,7]
|
-
- a
- Hasło przedmiotowe
- Praworządność
-
-
|
|
650 -Hasło przedmiotowe [ ,7]
|
-
- a
- Hasło przedmiotowe
- Sądownictwo
-
-
|
|
650 -Hasło przedmiotowe [ ,7]
|
-
- a
- Hasło przedmiotowe
- Sędziowie
-
-
|
|
650 -Hasło przedmiotowe [ ,7]
|
-
- a
- Hasło przedmiotowe
- Sędziowie
-
- z
- Określnik geograficzny
- Polska
-
- y
- Określnik chronologiczny
- 1990-.
-
-
|
|
651 -Hasło przedmiotowe w formie nazwy geograficznej [ ,7]
|
-
- a
- Nazwa geograficzna
- Polska
-
-
|
|
655 -Hasło w funkcji tematu formalnego [ ,7]
|
-
-
-
|
|
658 -Ujęcie treści [ , ]
|
-
- a
- dziedzina nauki i sztuki/ sfera aktywności życiowej
- Prawo i wymiar sprawiedliwości
|
|
700 -Hasło dodatkowe - nazwa osobowa [1, ]
|
-
- a
- Nazwa osobowa (NP)
- Bojarski, Łukasz
-
- d
- Daty biograficzne (NP)
- (1969- ).
-
- e
- Określenie rodzaju współpracy
- Redakcja
-
|
|
700 -Hasło dodatkowe - nazwa osobowa [1, ]
|
-
- a
- Nazwa osobowa (NP)
- Grajewski, Krzysztof
-
- d
- Daty biograficzne (NP)
- (1966- ).
-
- e
- Określenie rodzaju współpracy
- Redakcja
-
|
|
700 -Hasło dodatkowe - nazwa osobowa [1, ]
|
-
- a
- Nazwa osobowa (NP)
- Kremer, Jan
-
- c
- Dopowiedzenie inne niż daty biograficzne (NP)
- (prawo).
-
- e
- Określenie rodzaju współpracy
- Redakcja
-
|
|
700 -Hasło dodatkowe - nazwa osobowa [1, ]
|
-
- a
- Nazwa osobowa (NP)
- Żurek, Waldemar.
-
- e
- Określenie rodzaju współpracy
- Redakcja
-
|
|
700 -Hasło dodatkowe - nazwa osobowa [1, ]
|
-
- a
- Nazwa osobowa (NP)
- Ott, Gabriela.
-
- e
- Określenie rodzaju współpracy
- Redakcja
-
|
|
710 -Hasło dodatkowe - nazwa ciała zbiorowego [2, ]
|
-
- a
- Nazwa ciała zbiorowego lub nazwa geograficzna jako pierwszy element (NP)
- Wolters Kluwer Polska.
-
- e
- Rodzaj współpracy
- Wydawca
-
-
|